| 000 | 00413nam a22001337a 4500 | ||
|---|---|---|---|
| 020 | _a9787535476890 | ||
| 082 |
_a895.1352 _bJIA |
||
| 100 | _aJiang, Rong | ||
| 245 |
_aWolf Totem (Chinese Edition) / _cRong Jiang & Translated by Howard Goldblatt |
||
| 260 |
_bChangjiang Literature and Art Publishing House, _c2019. |
||
| 300 |
_a408 p. ; _b25 cm. |
||
| 880 |
_6245-02\r _a狼图腾 / |
||
| 942 |
_2ddc _cBK |
||
| 999 |
_c591746 _d591746 |
||